Antarjatik aain (Record no. 9113)

MARC details
000 -LEADER
fixed length control field 00451cam a2200193ua 4500
008 - FIXED-LENGTH DATA ELEMENTS--GENERAL INFORMATION
fixed length control field 170331n ii |||gr||||Z||||||asm
040 ## - CATALOGING SOURCE
Transcribing agency MAIN
041 ## - LANGUAGE CODE
-- asm
082 ## - DEWEY DECIMAL CLASSIFICATION NUMBER
Classification number 341
100 ## - MAIN ENTRY--PERSONAL NAME
Personal name Gogoi, Purandar,
Relator term
245 ## - TITLE STATEMENT
Title Antarjatik aain
Statement of responsibility, etc. By Purandar Gogoi
250 ## - EDITION STATEMENT
Edition statement 8th ed.
260 ## - PUBLICATION, DISTRIBUTION, ETC.
Place of publication, distribution, etc. Dibrugarh:
Name of publisher, distributor, etc. Banalata,
Date of publication, distribution, etc. 2016.
300 ## - PHYSICAL DESCRIPTION
Extent 240p.
942 ## - ADDED ENTRY ELEMENTS (KOHA)
Koha item type Books
653 ## - INDEX TERM--UNCONTROLLED
Uncontrolled term Law of nations
653 ## - INDEX TERM--UNCONTROLLED
Uncontrolled term International law
Holdings
Withdrawn status Lost status Damaged status Not for loan Home library Current library Shelving location Date acquired Total Checkouts Full call number Barcode Date last seen Date last checked out Copy number Price effective from Koha item type
        Central Library, Naharkatiya College Central Library, Naharkatiya College General Stacks 19/09/2020 1 341International law | GOG 23678 06/08/2024 13/11/2020 1 19/09/2020 Books
        Central Library, Naharkatiya College Central Library, Naharkatiya College General Stacks 19/09/2020 11 341International law | GOG 23679 06/08/2024 01/08/2024 2 19/09/2020 Books

Naharkatiya College © 2020. All rights reserved.

Powered By